Guess the Song by the Lyric's Quiz #1 - Statistics

General Stats
  • This quiz has been taken 1,407 times
  • The average score is 7 of 15
Answer Stats
Lyric's Answer % Correct
When I see your face / There's not a thing that I would change / 'Cause your amazing, ___ __ __ __ __ Just the Way You Are: By Bruno Mars
90%
It's been a long day, without you my friend / And I'll tell you all about it when I __ __ ___ See You Again: By Wiz Khalifa
88%
I got my hands up / They're playin' my song / You know I'm gonna be OK / Yeah, it's a ___ __ __ ___ / Yeah, It's a ____ __ ___ ___ Party in the USA: By Miley Cyrus
83%
Im gonna swing from the ______ / From the ______ / Im gonna live like tomorrow doesn't exist / Like it doesnt exist Chandelier: By Sia
68%
I'm your biggest fan I'll follow you until you love me / Papa-_______ / Baby there's no other superstar / you know that I'll be / Papa-_______ Paparazzi: By Lady Gaga
59%
Oh, won't you ___ ___ __ / 'Cause you're all I need / This ain't love, its clear to see / But darling, ___ ___ __ Stay With Me: By Sam Smith
50%
Everybody wanna ____ __ ___ / Everybody wanna take her heart away / Couple billion in the whole wide world / Find another one 'cause she belongs to me Steal My Girl: By One Direction
50%
Ooh woo, I'm a rebel just for kicks, now / I've been feeling it since 1960, now / Might be over now, but I ___ __ ___ Feel it Still: By Portugal. The Man
44%
I will always remember, the day you kissed my lips / Light as a feather / And it went just like this / No, it never been better, than the summer of ____ 2002: By Anne-Marie
32%
But when you touch me like this / And you hold me like that / I just have to admit, that __ ___ _____ ____ __ __ It's all Coming Back to Me (Now): By Celine Dion
25%
Show me how to fight for now / And I'll tell you baby, it was easy / Comin' here back to you once I figured it out / You were right here all along / It's like you're my _____ Mirror: By Justin Timberlake
24%
Don't really want to make it tough / I just want to tell you that I've had enough / It might sound crazy but it ain't no lie / Baby ___ ___ ___ Bye Bye Bye: By NSYNC
22%
If I go crazy, then will you still call me superman? / If I'm alive and well, will you be there holding my hand? / I'll keep you by my side with my superhuman might, _______ Kryptonite: By 3 Door's Down
18%
Here's to the good times we're gonna have / You don't need money, you got a free pass / Here's to the fact that I'll be sad without you / I want you to ____ __ ___ Have it All: By Jason Mraz
6%
I'm caught up in a dark emotion / I'm falling for the trap you set for me / Your giving me a crazy notion / I'm falling for your ____ _______ / Uh-uh, your ____ _______ Tragic Symphony: By Hanson
1%
No matching quizzes found
Score Distribution
Percent of People with Each Score
Percentile by Number Answered
Your Score History
You have not taken this quiz